Welcome to CU Library Online Public Access Catalogue (OPAC)

Public administration and public affairs / (Record no. 2515)

MARC details
000 -LEADER
fixed length control field 00733cam a2200229 a 4500
001 - CONTROL NUMBER
control field 14455918
005 - DATE AND TIME OF LATEST TRANSACTION
control field 20250113162324.0
008 - FIXED-LENGTH DATA ELEMENTS--GENERAL INFORMATION
fixed length control field 060717s2007 njua b 001 0 eng
020 ## - INTERNATIONAL STANDARD BOOK NUMBER
International Standard Book Number 0132222973
020 ## - INTERNATIONAL STANDARD BOOK NUMBER
International Standard Book Number 9780132222976
050 00 - LIBRARY OF CONGRESS CALL NUMBER
Classification number JF1351
Item number .H45 2007
082 00 - DEWEY DECIMAL CLASSIFICATION NUMBER
Classification number 351.73
Edition information 22
100 1# - MAIN ENTRY--PERSONAL NAME
Personal name Henry, Nicholas,
Dates associated with a name 1943-
245 10 - TITLE STATEMENT
Title Public administration and public affairs /
Statement of responsibility, etc. Nicholas Henry.
250 ## - EDITION STATEMENT
Edition statement 10th ed.
260 ## - PUBLICATION, DISTRIBUTION, ETC.
Place of publication, distribution, etc. Upper Saddle River, N.J. :
Name of publisher, distributor, etc. Pearson/Prentice Hall,
Date of publication, distribution, etc. c2007.
300 ## - PHYSICAL DESCRIPTION
Extent xiv, 442 p. :
Other physical details ill. ;
Dimensions 25 cm.
500 ## - GENERAL NOTE
General note Previous ed.: 2004.
650 #0 - SUBJECT ADDED ENTRY--TOPICAL TERM
Topical term or geographic name entry element Public administration.
856 41 - ELECTRONIC LOCATION AND ACCESS
Materials specified Table of contents only
Uniform Resource Identifier <a href="http://www.loc.gov/catdir/toc/ecip0617/2006023640.html">http://www.loc.gov/catdir/toc/ecip0617/2006023640.html</a>
942 ## - ADDED ENTRY ELEMENTS (KOHA)
Source of classification or shelving scheme Library of Congress Classification
Koha item type Books
Suppress in OPAC No
999 ## -
-- 2515
-- 2515
Holdings
Withdrawn status Lost status Source of classification or shelving scheme Damaged status Not for loan Collection Home library Current library Shelving location Date acquired Total checkouts Full call number Barcode Date last seen Copy number Price effective from Koha item type
    Library of Congress Classification     Non-fiction Undergraduate Library (Christ Temple) Undergraduate Library (Christ Temple) General stacks 01/13/2025   JF1351.H45 HEN ulct00000782 01/13/2025 1 01/13/2025 Books
    Library of Congress Classification     Non-fiction Undergraduate Library (Christ Temple) Undergraduate Library (Christ Temple) General stacks 01/13/2025   JF1351.H45 HEN ulct00000783 01/13/2025 2 01/13/2025 Books
    Library of Congress Classification     Non-fiction Undergraduate Library (Christ Temple) Undergraduate Library (Christ Temple) General stacks 01/13/2025   JF1351.H45 HEN ulct00000784 01/13/2025 3 01/13/2025 Books
© 2023-2024 Copyright: Central University Libraries. All Rights Reserved | Created by: Mahone Tech Office